Представление документа в формате MARC21

Поле Инд. ПП Название Значение
Тип записи a
Библиографический уровень m
001 Контрольный номер dd366f86-4896-4645-87e0-2463286b6a61
005 Дата корректировки 20140703162922.7
008 Кодируемые данные 080211
020 a ISBN 5-7107-3938-3
c Цена, тираж 150.00
040 a Служба первич. каталог. НБ ТвГУ
041 a Код языка текста rus
080 a Индекс УДК 54
084 a Индекс другой классификации/Индекс ББК Г.я92
090 a Полочн. индекс Г.я92
x Авторский знак С79
100 1_ a Автор Степин Борис Дмитриевич
q Полное имя Степин Б. Д.
245 00 a Заглавие Занимательные задания и эффектные опыты по химии
260 0_ a Место издания Москва
b Издательство Дрофа
c Дата издания 2002
300 a Объем 430 с.
b Иллюстрации/ тип воспроизводства ил.
440 _0 a Серия Познавательно! Занимательно!
504 a Библиография Библиогр.: с. 412
504 a Библиография Предм. указ.: с. 413-414
583 a Действие Получение впервые 23 11.02.2008
k Исполнитель действия Взамен утраченных
650 a Основная рубрика Химия занимательная
653 a Ключевые слова Задания
a Ключевые слова Занимательная химия
a Ключевые слова Опыты по химии
a Ключевые слова Химия
700 1_ a Другие авторы Аликберова Людмила Юрьевна
q Полное имя Аликберова, Л. Ю.
863 t 00211016
888 a Бесплатные
930 a Новая/Ретро занимательная
952 p 23.2008 150.00 1 902656
c Вид литературы К ру
954 a Дата поступления на обработку 20080214